Naruto: Nom des invocations - Statistiques

Statistiques générales
  • Ce quiz a été pris 190 fois
  • Le résultat moyen est 9 sur 36
Statistiques - réponses
Espèce Nom % Correct
Crapaud Gama
96%
Gamabunta
86%
Chien Pakkun
81%
Gamakichi
80%
Gamatatsu
63%
Limace Katsuyu
62%
Manda
61%
Singe Enma
56%
Gamaken
52%
Aoda
49%
Fukasaku
33%
Gamahiro
28%
Gamamaru
24%
Shima
22%
Bull
15%
Gerotora
12%
Gamariki
11%
Salamandre Ibuse
10%
Kosuke
10%
Araignée Kyodaigumo
9%
Belette Kamatari
8%
Shiba
8%
Biscuit
7%
Garaga
6%
U-hei
6%
Ulshi
6%
Akino
5%
Enra
5%
Gulko
5%
Tortue Ningame
5%
Gamatama
4%
Denka
3%
Gamatabi
3%
Serpent Hakuja Sennin
3%
Chat Hina
3%
Taupe Moguranmaru
2%
Aucun quiz correspondant
Distribution des résultats
% des personnes avec chaque résultat
Percentile par nombre de réponses
Votre historique - résultats
Vous n’avez pas pris ce quiz